Norwich City Squad 2024–25 By Picture - Statistics

General Stats
  • This quiz has been taken 16 times
  • The average score is 29 of 32
Answer Stats
Picture Answer % Correct
Angus Gunn
100%
Ante Crnac
100%
Borja Sainz
100%
George Long
100%
Jack Stacey
100%
Josh Sargent
100%
Kellen Fisher
100%
Kenny McLean
100%
Marcelino Núñez
100%
Onel Hernández
100%
Shane Duffy
100%
Anis Ben Slimane
91%
Ashley Barnes
91%
Ben Chrisene
91%
Callum Doyle
91%
Emiliano Marcondes
91%
Forson Amankwah
91%
Grant Hanley
91%
Jacob Sørensen
91%
Jacob Wright
91%
Johannes Hoff Thorup
91%
José Córdoba
91%
Liam Gibbs
91%
Oscar Schwartau
91%
Lewis Dobbin
82%
Matěj Jurásek
82%
Vicente Reyes
82%
Brad Hills
73%
Christian Fassnacht
73%
Kaide Gordon
73%
Lucien Mahovo
73%
Ruairi McConville
73%
No matching quizzes found
Score Distribution
Percent of People with Each Score
Percentile by Number Answered
Your Score History
You have not taken this quiz